00402nam a2200133Ia 4500008004100000020002300041041001200064082002000076100001900096245007300115260003000188300001400218650003600232231217s9999 xx 000 0 und d aISBN 0-385-26095-4 aEnglish a658.402 SEN R aSenge, Peter M 0aFifth discipline : the art and practice of the learning organization c1990bCurrencyaNew Delhi axxiii+423 aFifth,discipline,:,organization